| 000 | 00857nam a2200253Ia 4500 | ||
|---|---|---|---|
| 003 | OSt | ||
| 005 | 20220923224902.0 | ||
| 006 | a|||||r|||| 00| 0 | ||
| 007 | ta | ||
| 008 | 220922b |||||||| |||| 00| 0 san d | ||
| 024 | _a253,147 | ||
| 037 | _cTextual | ||
| 040 |
_aARTS _cARTS _bsan |
||
| 041 |
_2san _asan |
||
| 082 | _aO15,D40,1:g, 152L7 | ||
| 100 | _aद्विवेदी, प्रभुनाथ | ||
| 245 | 0 | _aरघुवंशमहाकाव्यम् | |
| 246 | _aRaghuvanshahinākāvyam | ||
| 260 |
_aवाराणसी _b चौखम्बा ओरियन्टालिया _c1977 |
||
| 300 |
_a63पृ0 _ccm. |
||
| 650 | _aसंस्कृत साहित्य | ||
| 942 |
_hO15,D40,1:g, 152L7 _cTEXL _2CC |
||
| 999 |
_c374399 _d374399 |
||